UBT Library

Business : (Record no. 38988)

000 -LEADER
fixed length control field 00815cam a2200265 a 4500
001 - CONTROL NUMBER
control field 12700991
005 - DATE AND TIME OF LATEST TRANSACTION
control field 20171215043843.0
008 - FIXED-LENGTH DATA ELEMENTS--GENERAL INFORMATION
fixed length control field 020312s2003 maua b 001 0 eng
010 ## - LIBRARY OF CONGRESS CONTROL NUMBER
LC control number 2002024423
Canceled/invalid LC control number 2002100739
020 ## - INTERNATIONAL STANDARD BOOK NUMBER
International Standard Book Number 007246917X (alk. paper)
020 ## - INTERNATIONAL STANDARD BOOK NUMBER
International Standard Book Number 0071151079 (international : alk. paper)
020 ## - INTERNATIONAL STANDARD BOOK NUMBER
International Standard Book Number 0072515783 (CDROM)
040 ## - CATALOGING SOURCE
Original cataloging agency DLC
Transcribing agency DLC
Modifying agency DLC
041 ## - LANGUAGE CODE
Language code of text/sound track or separate title eng
043 ## - GEOGRAPHIC AREA CODE
Geographic area code n-us---
080 ## - UNIVERSAL DECIMAL CLASSIFICATION NUMBER
Universal Decimal Classification number 650 FER
082 00 - DEWEY DECIMAL CLASSIFICATION NUMBER
Classification number 650 FER
Edition number 21
100 1# - Rafti
Rafti 58
101 ## - Shkurtesa
Shkurtesa BUS
245 10 - TITLE STATEMENT
Title Business :
Statement of responsibility, etc O.C. Ferrell, Geoffrey Hirt.
504 ## - BIBLIOGRAPHY, ETC. NOTE
Bibliography, etc Includes bibliographical references (p. 1-11, 4th group) and indexes.
906 ## - LOCAL DATA ELEMENT F, LDF (RLIN)
a 7
b cbc
c orignew
d 1
e ocip
f 20
g y-gencatlg
942 ## - ADDED ENTRY ELEMENTS (KOHA)
Source of classification or shelving scheme
Item type Books
Holdings
Withdrawn status Lost status Source of classification or shelving scheme Damaged status Not for loan Collection code Permanent location Current location Shelving location Date acquired Total Checkouts Full call number Barcode Date last seen Price effective from Koha item type
          Koleksioni i përgjithshem UBT - Lipjan UBT - Lipjan Koleksioni i përgjithshem 12/15/2017   650 FER 002-29408 12/15/2017 12/15/2017 Books
UBT Library © 2015-2024. All rights reserved University Education for Business and Technology